| 000 | 00545nam a2200133 a 4500 | ||
|---|---|---|---|
| 001 | 000029196 | ||
| 005 | 20200930055406.0 | ||
| 008 | 110414s2002 dr r 000 0 spa d | ||
| 040 |
_aDO-SdBNP _bspa _cBNPHU |
||
| 110 | 1 |
_aRepública Dominicana . _bSecretaría de Estado de Medio Ambiente y Recursos Naturales _bSub Secretaría de Gestión Ambiental _956108 |
|
| 245 | 1 | 0 | _aProcedimiento de evaluación de impacto ambiental. |
| 260 |
_aSanto Domingo : _bSecretaría de Estado de Medio Ambiente y Recursos Naturales, _c2002. |
||
| 300 |
_a44 p. ; _c22 cm. |
||
| 999 |
_c28688 _d28688 |
||